000 01319nam a22003857a 4500
001 0051556
003 KOHA_MİRAKIL
005 20260207003810.0
007 ta
008 180803b2013 tu |||gr||||#||||0|tur |
020 _a9786051337043
040 _aTR-BiSEU
_btur
_cTR-BiSEU
_erda
041 0 _atur
044 _ctu
050 _aQA276.19
_b.S65 2013
100 1 _aSpiegel, Murray R..
245 1 _aİstatistik /
_cMurray R. Spiegel ; Murray R. Spiegel, Larry J. Stephens; Çevri Editörü Salih Çelebioğlu.
264 1 _aAnkara :
_bNobel
_c2013
300 _a577 sayfa; 27 cm.
336 _ametin
_btxt
_2rdacontent
337 _aaracısız
_bn
_2rdamedia
338 _acilt
_bnc
_2rdacarrier
490 1 _aYayın No;803.
490 1 _aMatematik / İstatistik No ;
_v045.
500 _aSchaum Serisi
650 0 _aMatematiksel istatistik.
_916227
650 0 _aMathematical statistics.
_93974
650 0 _aMatematiksel istatistik --Problemler, alıştırmalar, vb.
_995956
650 0 _aMathematical statistics-- Problems, exercises, etc.
_995957
650 0 _aİstatistik--Problemler, alıştırmalar, vb.
_978322
650 0 _aStatistics --Problems, exercises, etc
_995958
830 1 _aYayın No;803.
_995959
830 1 _aMatematik / İstatistik No ;
_v045.
_995960
942 _2lcc
_cBK
999 _c51379
_d51379